Movies by Picture - P - Statistics

General Stats
  • This quiz has been taken 637 times
  • The average score is 11 of 16
Answer Stats
Picture Answer % Correct
Pirates of the Caribbean
97%
Paddington
95%
Planet of the Apes
88%
Pulp Fiction
88%
Psycho
83%
The Phantom of the Opera
79%
The Pianist
78%
Pretty Woman
75%
Predator
69%
Parasite
66%
The Parent Trap
62%
The Princess Bride
55%
Point Break
43%
Patch Adams
35%
The Prestige
34%
Poltergeist
21%
No matching quizzes found
Score Distribution
Percent of People with Each Score
Percentile by Number Answered
Your Score History
You have not taken this quiz